01330nam a2200337Ia 4500001001200000003000800012006001900020007001500039008004100054010001700095020003600112020003900148020001800187040002100205035002100226050002400247082001700271245015100288260005200439300001700491504005100508533015200559650002000711650003200731655002900763700002100792700002100813710001700834856012600851999001500977ebr10267605CaPaEBRm u cr cn|||||||||080124s2008 pau sb 001 0 eng d z 2008002888 z1592136451 (cloth : alk. paper) z9781592136452 (cloth : alk. paper) z9781592136469 aCaPaEBRcCaPaEBR a(OCoLC)30235881514aK 5560b.W76 2008eb04a347/.01222200aWrongful convictionh[electronic resource] :binternational perspectives on miscarriages of justice /cC. Ronald Huff and Martin Killias, editors. aPhiladelphia :bTemple University Press,c2008. aviii, 318 p. aIncludes bibliographical references and index. aElectronic reproduction.bPalo Alto, Calif. :cebrary,d2009.nAvailable via World Wide Web.nAccess may be limited to ebrary affiliated libraries. 0aJudicial error. 0aJustice, Administration of. 7aElectronic books.2local1 aHuff, C. Ronald.1 aKillias, Martin.2 aebrary, Inc.40uhttp://site.ebrary.com/lib/rucke/Doc?id=10267605zAn electronic book accessible through the World Wide Web; click to view c9537d9537